000 01294nam a22003617a 4500
003 CHAP
005 20220329133826.0
008 971013s1986 r 00010 d
010 _a11444
011 _a12416
035 _a15602
040 _cCHAP
090 _aFolleto 10842
100 0 0 _aMinioni, Elisa Clélia.
_975956
245 _aPreparación casera de productos porcinos
_b: una alternativa para mejorar los niveles alimenticios y el ingreso de la población rural
260 _aBrasilia, D.F. :
_bInstituto Interamericano de Cooperación para la Agricultura,
_c1986
300 _a23 p.
490 _aSerie publicaciones misceláneas
_v; 669
500 _aD14-37
590 _aBATCH-UPD
_b10
_c20130110
_lUCH01
_h0148
590 _aBATCH-UPD
_b10
_c20130110
_lUCH01
_h1342
590 _aBATCH-UPD
_b10
_c20130409
_lUCH01
_h2148
590 _aBATCH-UPD
_b10
_c20130410
_lUCH01
_h0842
590 _aBATCH-UPD
_b10
_c20130914
_lUCH01
_h0850
590 _aCONVERSION
_b10
_c20130109
_lUCH01
_h1308
650 1 4 _aCarne de puerco
_xProcesado.
_919186
650 1 4 _aEmbutidos.
_936500
650 1 4 _aGanado porcino
_xMatanza.
_945380
830 0 _aSerie publicaciones misceláneas
_v; 669
_9105016
901 _aBK
942 _cFOLL
949 _aFolleto 10842
_bBC
_cFOLL
_d-27810
_eTS1
_i15602
_mD
_si
999 _c11444
_d11444